Languages Of the World #3 Antarctica - Statistics

General Stats
  • This quiz has been taken 34 times
  • The average score is 10 of 18
Answer Stats
Country Language % Correct
French
97%
French Souther Antarctic Terrytories French
97%
Spanish
97%
Norwegian
94%
Bouvet Island Norwegian
94%
Russian
88%
Chinese
72%
Portuguese
72%
Japanese
66%
Hindi
63%
Korean
47%
American-English
28%
British-English
25%
Australian-English
22%
Tamil
19%
Kannada
9%
Antarctica Samish
3%
Tcheccochan
3%
No matching quizzes found
Score Distribution
Percent of People with Each Score
Percentile by Number Answered
Your Score History
You have not taken this quiz